000
00316nam a2200145Ia 4500
003
OSt
008
191201s2017 xx 000 0 und d
082
_a
005.73
_b
GUD
100
_a
GUPTA, Deepak
245
0
_a
Data Structures
260
_b
SK Kataria
_c
2017
300
_a
414
650
_a
B.Tech(IT)
942
_2
ddc
_c
BK
999
_c
6892
_d
6892